000 00395nam a2200157Ia 4500
999 _c7056
_d7056
003 GBCCL
005 20241126110618.0
008 180706b ||||| |||| 00| 0 eng d
040 _cGBC
082 _a030
_bCAM
245 _aThe Cambridge Paperback Encyclopedia
260 _c2000.
_aNew Delhi:
_bFoundation Books,
300 _aviii + 1071p.
650 _aEncyclopedia
_912496
942 _2ddc
_cREF